000 00852nas a2200277 4500
001 BR8001767
003 BR-BrBNA
005 20231205084245.0
007 ta
008 230509b bl.|||p| |||| 00| 00por d
040 _aBR-BrBNA
_bpor
_cBiblioteca Nacional de Agricultura
041 _a(Pt)
072 _aL30
100 1 _aZuniga, M.C.P.
100 1 _aCosta, N.M.S.
245 1 _aAs capineiras e a cana-de-acucar como volumosos [Nutricao animal; Bovino]
650 _aNutricao animal
650 _aBovino
650 _aForragem
650 _aCana de acucar
650 _aCapineira
650 _aValor nutritivo
773 0 _tInforme Agropecuario - Empresa de Pesquisa Agropecuaria de Minas Gerais (Brazil)
_xISSN 0100-3364
_g(Sep 1980), v. 6(69) p. 23-25
_wBR8001767
909 _a202311
_bLúcia
_c55
_dLúcia Elande
942 _2AGRIS
_n0
_cANA
999 _c104080
_d104080